000 00908cab a2200229 4500
001 ABS50317
008 090401t1994 xxu||||| |||| 00| 0 eng d
035 _a(Sirsi) u75269
041 _aeng
100 _aMcCarthy, R.
245 _aWhat to do before starting judicial review
260 _c1994
350 _a0
490 _aSolicitors` Journal
_v138(8) 4 March 1994, 202-203(2)
520 _aIdentifies potential pitfalls involved before the start of proceedings and stresses the importance of time criteria, suitability of Ord 53, and identification of reasons for decisions, as being vital, if a significant number of cases are not to fail. Discusses alternative remedies and suggests that careful pre-application preparation is vital.
650 _aJUDICIAL REVIEW
650 _aOREILLY V MACKMAN
650 _aSUPREME COURT ACT 1981
690 _aLAW
942 _n0
948 _c04/03/1997
999 _c47419
_d47419